[Event "Hastings Challengers 1973/74"]
[Site "Hastings"]
[Date "1973.12.31"]
[Round "5"]
[White "Mabbs, David J"]
[Black "Goldsmith, Alan"]
[Result "1-0"]
[WhiteElo "2192"]
[BlackElo "2160"]
[PlyCount "77"]
[EventDate "1973.12.27"]
[EventType "swiss"]
[EventRounds "10"]
[EventCountry "ENG"]
[SourceTitle "BritBase"]
[Source "John Saunders"]
[SourceDate "2024.07.04"]
[SourceVersion "1"]
[SourceVersionDate "2024.07.04"]
[SourceQuality "1"]

1. d4 Nf6 2. Nc3 c5 3. Nf3 cxd4 4. Qxd4 Nc6 5. Qh4 e6 6. e4 d6 7. Bg5 Be7 8.
O-O-O Qa5 9. Kb1 Bd7 10. Bc4 Rc8 11. Bb3 O-O 12. e5 dxe5 13. Rxd7 Nxd7 14. Bxe7
Nxe7 15. Qxe7 Nf6 16. Qxb7 Qc5 17. Ne4 Nxe4 18. Qxe4 Qxf2 19. Nxe5 Rcd8 20. Nd3
Qf6 21. Qe2 Rd6 22. Rf1 Qe7 23. a3 Rfd8 24. Qh5 Rb6 25. Rf3 Rf8 26. Rg3 Qf6 27.
Rh3 h6 28. Rf3 Qd4 29. Ka2 a5 30. Qxa5 Rfb8 31. Qe5 Qd7 32. Nc5 Qe7 33. Rg3 f6
34. Qe3 Kh8 35. Nxe6 Rxb3 36. cxb3 Re8 37. Qe2 Qxe6 38. Qxe6 Rxe6 39. b4 {
Source: David Mabbs, who adds a note on his opponent: "became an arbiter".} 1-0

[Event "Hastings Challengers 1973/74"]
[Site "Hastings"]
[Date "1974.01.01"]
[Round "6"]
[White "Blackstock, Leslie Steven F"]
[Black "Mabbs, David J"]
[Result "0-1"]
[WhiteElo "2264"]
[BlackElo "2192"]
[PlyCount "112"]
[EventDate "1973.12.27"]
[EventType "swiss"]
[EventRounds "10"]
[EventCountry "ENG"]
[SourceTitle "BritBase"]
[Source "John Saunders"]
[SourceDate "2024.07.04"]
[SourceVersion "1"]
[SourceVersionDate "2024.07.04"]
[SourceQuality "1"]

1. Nf3 e6 2. e4 d5 3. Nc3 Nf6 4. e5 Ne4 5. Ne2 f5 6. exf6 Qxf6 7. d3 Nd6 8. d4
Nc6 9. Bg5 Qf7 10. Ng3 Bd7 11. Bd3 Be7 12. Bxe7 Qxe7 13. O-O O-O-O 14. Re1 g5
15. c3 h5 16. Qd2 Rdg8 17. Ne5 Nxe5 18. Rxe5 Qf6 19. Rc1 h4 20. Nf1 g4 ({
More exact is} 20... h3 21. g3 Qf3 22. Ne3 Nf7 {(} 23. Be2 Nxe5 {) (Mabbs)})
21. c4 Nf7 22. Re3 Ng5 23. cxd5 Nf3+ 24. gxf3 gxf3+ 25. Ng3 hxg3 26. fxg3 Qh6
27. Rf1 $1 exd5 28. Rfxf3 Bg4 29. Rf2 Rg5 30. Re5 $2 ({Stockfish 16:} 30. Re7
$1 $16) 30... Rxe5 31. dxe5 Qxd2 32. Rxd2 Kd7 $11 33. Be2 $6 Bxe2 34. Rxe2 Ke6
$15 35. h4 d4 36. Kg2 Rd8 37. Kf3 c5 38. g4 d3 39. Rd2 (39. Re1) 39... Kxe5 40.
Ke3 c4 41. Rf2 b5 42. a3 a5 43. Rf5+ Ke6 44. Kd2 b4 45. axb4 axb4 46. Rf1 $2 (
46. Rc5 Rd4 $15) 46... Rd4 $1 $19 47. Rg1 Re4 $1 48. Rg2 b3 49. Kc3 Kd5 50. g5
Re2 51. Rg4 Rc2+ 52. Kb4 d2 53. g6 d1=Q 54. Rg5+ Kc6 55. g7 Qd6+ 56. Ka4 Rxb2 {
Source: David Mabbs} 0-1

[Event "Hastings Challengers 1973/74"]
[Site "Hastings"]
[Date "1974.01.01"]
[Round "6"]
[White "Littlewood, Paul E"]
[Black "De Veauce, Louis"]
[Result "0-1"]
[WhiteElo "2176"]
[BlackElo "2232"]
[PlyCount "88"]
[EventDate "1973.12.27"]
[EventType "swiss"]
[EventRounds "10"]
[EventCountry "ENG"]
[SourceTitle "Littlewood, Paul"]
[Source "BritBase"]
[SourceDate "2021.09.21"]
[SourceVersion "1"]
[SourceVersionDate "2021.09.21"]
[SourceQuality "1"]

1. e4 g6 2. d4 Bg7 3. Nc3 d6 4. Bg5 Nc6 5. d5 Ne5 6. f4 Nd7 7. Nf3 c6 8. Bc4
Qb6 9. Bb3 Qe3+ 10. Qe2 Bxc3+ 11. bxc3 Qxc3+ 12. Kf2 Qc5+ 13. Kf1 Ndf6 14. f5
gxf5 15. Be3 Qa5 16. Bd2 Qc7 17. dxc6 Nxe4 18. cxb7 Bxb7 19. Be1 Ngf6 20. Ba4+
Bc6 21. Qc4 Rc8 22. Nd4 Bxa4 23. Qxa4+ Qd7 24. Qb3 e5 25. Ne2 Qc6 26. Rb1 Rg8
27. Qf3 Nd5 28. c4 Qxc4 29. h3 Ndc3 30. Rc1 Qa6 31. g4 Nxe2 32. Rxc8+ Qxc8 33.
Kxe2 Qc2+ 34. Kf1 Qc6 35. Qxf5 Ng3+ 36. Bxg3 Qxh1+ 37. Kf2 Qc6 38. Qxh7 Rg6 39.
Bh4 Qc5+ 40. Kf3 Qc3+ 41. Ke2 e4 42. Qh5 Qc2+ 43. Kf1 Qb1+ 44. Kg2 Qxa2+ {
Source: Paul Littlewood} 0-1

[Event "Hastings Challengers 1973/74"]
[Site "Hastings"]
[Date "1974.01.02"]
[Round "7"]
[White "James, Geoffrey H"]
[Black "Pritchett, Craig William"]
[Result "1/2-1/2"]
[WhiteElo "2200"]
[BlackElo "2350"]
[PlyCount "50"]
[EventDate "1973.12.27"]
[EventType "swiss"]
[EventRounds "10"]
[EventCountry "ENG"]
[SourceTitle "Denman Collection"]
[Source "Brian Denman"]
[SourceDate "2023.11.29"]
[SourceVersion "1"]
[SourceVersionDate "2023.11.29"]
[SourceQuality "1"]

1. c4 e5 2. g3 f5 3. Bg2 Nf6 4. d3 Bb4+ 5. Bd2 Bxd2+ 6. Qxd2 O-O 7. Nc3 Nc6 8.
e3 d6 9. Nge2 Ne7 10. f4 c6 11. O-O exf4 12. exf4 d5 13. Qe3 Ng4 14. Qd4 dxc4
15. dxc4 Qc7 16. h3 Rd8 17. Qc5 b6 18. Qa3 Ne3 19. Nb5 $1 cxb5 20. Qxe3 Bb7 21.
cxb5 Bxg2 22. Kxg2 Nd5 23. Qe6+ Qf7 24. Qxf7+ Kxf7 25. Rfc1 Rac8 {Source: G H
James (Brian Denman Collection)} 1/2-1/2

[Event "Hastings Challengers 1973/74"]
[Site "Hastings"]
[Date "1974.01.02"]
[Round "7"]
[White "Mabbs, David J"]
[Black "Diesen, Mark C"]
[Result "0-1"]
[WhiteElo "2192"]
[BlackElo "2400"]
[PlyCount "64"]
[EventDate "1973.12.27"]
[EventType "swiss"]
[EventRounds "10"]
[EventCountry "ENG"]
[SourceTitle "BritBase"]
[Source "John Saunders"]
[SourceDate "2024.07.04"]
[SourceVersion "1"]
[SourceVersionDate "2024.07.04"]
[SourceQuality "1"]

1. d4 Nf6 2. Nc3 d5 3. Bg5 h6 4. Bxf6 exf6 5. e3 c6 6. Bd3 Qb6 7. Nge2 Qxb2 8.
O-O Qb6 9. e4 dxe4 10. Nxe4 Be7 11. Re1 O-O 12. N2g3 f5 13. Qf3 $5 g6 14. Nh5
$2 (14. Nc5 Bxc5 15. dxc5 Qxc5 16. Qf4 $44) 14... fxe4 15. Rxe4 Qd8 16. Rae1
Bg5 17. h4 Bxh4 18. Rxh4 Qxh4 19. Nf6+ Kh8 20. Re4 Qg5 21. Re5 Bf5 22. Re8 Rxe8
23. Nxe8 Qe7 24. Bxf5 Qxe8 25. Bc8 Nd7 26. Bxb7 Rb8 27. Bxc6 Qe7 28. Qf4 Rb1+
29. Kh2 Kg7 30. c4 Qf6 31. Qe4 Qd6+ 32. g3 Rb2 {Source: David Mabbs} 0-1

[Event "Hastings Challengers 1973/74"]
[Site "Hastings"]
[Date "1974.01.03"]
[Round "8"]
[White "Cafferty, Bernard"]
[Black "Nunn, John DM"]
[Result "0-1"]
[WhiteElo "2355"]
[BlackElo "2300"]
[PlyCount "66"]
[EventDate "1973.12.27"]
[EventType "swiss"]
[EventRounds "10"]
[EventCountry "ENG"]
[SourceTitle "BritBase"]
[Source "John Saunders"]
[SourceDate "2024.07.04"]
[SourceVersion "1"]
[SourceVersionDate "2024.07.04"]
[SourceQuality "1"]

1. b3 d5 2. Bb2 c5 3. e3 Nf6 4. f4 g6 5. Nf3 Bg7 6. Bb5+ Bd7 7. Bxd7+ Nbxd7 8.
O-O O-O 9. Qe2 Qc7 10. Nc3 a6 11. a4 Rfd8 12. Nd1 c4 13. b4 Qd6 14. Bc3 Ne4 15.
Bxg7 Kxg7 16. Rb1 Rac8 17. Qe1 Qc6 18. Ra1 c3 19. d3 Nd2 20. Rf2 Nxf3+ 21. gxf3
Nf6 22. d4 Qc4 23. Rb1 Qa2 24. Rc1 Qxa4 25. Nxc3 Qxb4 26. Na2 Qxe1+ 27. Rxe1
Rc4 28. Rb1 b5 29. c3 e6 30. Nb4 Rxc3 31. Nxa6 Rxe3 32. Rxb5 Ra8 33. Nc5 Nh5 {
Sources: B Cafferty; tournament bulletin} 0-1

[Event "Hastings Challengers 1973/74"]
[Site "Hastings"]
[Date "1974.01.03"]
[Round "8"]
[White "Pritchett, Craig William"]
[Black "Mabbs, David J"]
[Result "1/2-1/2"]
[WhiteElo "2350"]
[BlackElo "2192"]
[PlyCount "145"]
[EventDate "1973.12.27"]
[EventType "swiss"]
[EventRounds "10"]
[EventCountry "ENG"]
[SourceTitle "BritBase"]
[Source "John Saunders"]
[SourceDate "2024.07.04"]
[SourceVersion "1"]
[SourceVersionDate "2024.07.04"]
[SourceQuality "1"]

1. e4 e5 2. Nf3 Nc6 3. Bb5 a6 4. Ba4 Nf6 5. O-O Be7 6. Re1 b5 7. Bb3 d6 8. c3
O-O 9. h3 Bb7 10. d4 Na5 11. Bc2 Nc4 12. b3 Nb6 13. Nbd2 Re8 14. a4 Bf8 15. a5
Nbd7 16. d5 c5 17. Nf1 g6 18. Be3 h6 19. N3d2 Bg7 20. b4 c4 21. Ng3 Qe7 22.
Ndf1 Bc8 23. Nh2 Kh7 24. Qd2 Rh8 25. Rf1 Kg8 26. Rae1 Bb7 27. Ne2 Re8 28. Kh1
Bc8 29. Ng1 Nh5 30. g3 Nf8 31. Bd1 Nf6 32. Bf3 Rh7 33. Kg2 Kh8 34. Kh1 Ng8 35.
Bg2 f5 36. f4 Nf6 37. fxe5 Nh5 38. Ne2 Bxe5 39. Bd4 fxe4 40. g4 Nf6 41. Ng3 h5
42. g5 N6d7 43. Nxe4 Bb7 44. Nf3 Rf7 45. Nf6 Rd8 46. Nxe5 dxe5 47. Qe3 Nh7 48.
Nxd7 Rxf1+ 49. Rxf1 Rxd7 50. Qxe5+ Qxe5 51. Bxe5+ Kg8 52. Kh2 Bxd5 53. Rd1 Be6
54. Rxd7 Bxd7 55. Bb7 Nxg5 56. Bb8 Kf7 57. Bxa6 Bc6 58. Bc8 Ke7 59. h4 ({
Stockfish 16:} 59. a6 Kd8 60. Bb7 Kd7 61. Bf4 Ne4 62. Be5 $16) 59... Ne4 60.
Be5 g5 61. hxg5 Nxg5 62. Kg3 Nf3 63. Kf4 h4 64. Bg4 Ne1 65. Ke3 Bb7 66. Bb8 Kd8
67. Be5 Bc8 68. Bf6+ Kc7 69. Be5+ Kd8 70. Bf6+ Kc7 71. Bxc8 Kxc8 72. Kf2 Nd3+
73. Kf3 {Source: David Mabbs. Game lasted 9 hours 15 mins.} 1/2-1/2

[Event "Hastings Challengers 1973/74"]
[Site "Hastings"]
[Date "1974.01.03"]
[Round "8"]
[White "Sampouw, Jacobus S"]
[Black "James, Geoffrey H"]
[Result "1-0"]
[WhiteElo "2300"]
[BlackElo "2200"]
[PlyCount "83"]
[EventDate "1973.12.27"]
[EventType "swiss"]
[EventRounds "10"]
[EventCountry "ENG"]
[SourceTitle "Denman Collection"]
[Source "Brian Denman"]
[SourceDate "2023.11.29"]
[SourceVersion "1"]
[SourceVersionDate "2023.11.29"]
[SourceQuality "1"]

1. e4 e5 2. Nf3 Nc6 3. Bb5 a6 4. Ba4 Nf6 5. O-O Be7 6. Re1 b5 7. Bb3 d6 8. c3
O-O 9. h3 Na5 10. Bc2 c5 11. d4 cxd4 12. cxd4 Bb7 13. Nbd2 Rc8 14. Nf1 Qc7 15.
Bb1 Nc6 16. d5 Nb4 17. Bd2 Nc2 18. Bxc2 Qxc2 19. Qxc2 Rxc2 20. Ne3 Rc7 21. Nf5
Re8 22. Bb4 Rd7 23. Nxe7+ Rexe7 24. Rac1 Nh5 25. Rc3 g6 26. Nd2 f5 27. f3 Rf7
28. Nb3 fxe4 29. fxe4 Rf4 30. g3 Rf6 31. Na5 Rdf7 32. g4 Ng7 33. Nxb7 Rxb7 34.
g5 Rf8 35. Bxd6 Re8 36. Rec1 Rd7 37. Bb4 Nh5 38. Rc7 Rxc7 39. Rxc7 Nf4 40. h4
Nd3 41. Be7 Nf4 42. Bf6 {Source: G H James (Brian Denman Collection)} 1-0

[Event "Hastings Challengers 1973/74"]
[Site "Hastings"]
[Date "1974.01.04"]
[Round "9"]
[White "James, Geoffrey H"]
[Black "Holloway, Nigel John"]
[Result "1/2-1/2"]
[WhiteElo "2200"]
[BlackElo "2312"]
[PlyCount "37"]
[EventDate "1973.12.27"]
[EventType "swiss"]
[EventRounds "10"]
[EventCountry "ENG"]
[SourceTitle "Denman Collection"]
[Source "Brian Denman"]
[SourceDate "2023.11.29"]
[SourceVersion "1"]
[SourceVersionDate "2023.11.29"]
[SourceQuality "1"]

1. c4 Nf6 2. Nc3 g6 3. g3 Bg7 4. Bg2 c5 5. e3 O-O 6. Nge2 d6 7. O-O Na6 8. Nf4
Nc7 9. Rb1 Rb8 10. b4 Bf5 11. d3 b6 12. b5 e5 13. Nfd5 Nfxd5 14. Nxd5 Be6 15.
Rb3 Nxd5 16. Bxd5 Bxd5 17. cxd5 f5 18. Ra3 Qd7 19. Qa4 {Source: G H James 
(Brian Denman Collection)} 1/2-1/2

[Event "Hastings Challengers 1973/74"]
[Site "Hastings"]
[Date "1974.01.04"]
[Round "9"]
[White "Mabbs, David J"]
[Black "Patterson, Nicholas James"]
[Result "1-0"]
[WhiteElo "2192"]
[BlackElo "2340"]
[PlyCount "57"]
[EventDate "1973.12.27"]
[EventType "swiss"]
[EventRounds "10"]
[EventCountry "ENG"]
[SourceTitle "BritBase"]
[Source "John Saunders"]
[SourceDate "2024.07.04"]
[SourceVersion "1"]
[SourceVersionDate "2024.07.04"]
[SourceQuality "1"]

1. e4 g6 2. d4 Bg7 3. c3 d6 4. Nd2 Nf6 5. Ne2 O-O 6. Ng3 Nc6 7. Bb5 e5 8. d5
Ne7 9. c4 Ng4 10. h3 Nh6 11. Ba4 f5 12. f3 Kh8 13. Ne2 Neg8 14. Bc2 Nf6 15. Nf1
fxe4 16. Bxe4 Nxe4 17. fxe4 Rxf1+ 18. Kxf1 Qh4 19. Qd3 Bg4 20. Ng3 Rf8+ 21. Kg1
Bf3 22. Bxh6 Qxg3 23. Bxg7+ Kxg7 24. Rh2 Qg5 25. Rf1 Bxe4 26. Qxe4 Rxf1+ 27.
Kxf1 Qc1+ 28. Qe1 Qxc4+ 29. Kg1 {Source: David Mabbs} 1-0

[Event "Hastings Challengers 1973/74"]
[Site "Hastings"]
[Date "1974.01.05"]
[Round "10"]
[White "Bellin, Robert"]
[Black "Mabbs, David J"]
[Result "1-0"]
[WhiteElo "2320"]
[BlackElo "2192"]
[PlyCount "99"]
[EventDate "1973.12.27"]
[EventType "swiss"]
[EventRounds "10"]
[EventCountry "ENG"]
[SourceTitle "BritBase"]
[Source "John Saunders"]
[SourceDate "2024.07.04"]
[SourceVersion "1"]
[SourceVersionDate "2024.07.04"]
[SourceQuality "1"]

1. e4 e5 2. Nf3 Nc6 3. Bb5 a6 4. Ba4 Nf6 5. O-O Be7 6. Re1 b5 7. Bb3 d6 8. c3
O-O 9. h3 Bb7 10. d4 Na5 11. Bc2 Nc4 12. b3 Nb6 13. Nbd2 Re8 14. dxe5 dxe5 15.
Nxe5 Bc5 16. Ng4 Nxe4 17. Bxe4 Bxe4 18. Nxe4 Qxd1 19. Ngf6+ gxf6 20. Nxf6+ Kh8
21. Rxd1 Re2 22. Ng4 c6 23. Be3 Bxe3 24. Nxe3 Nd5 25. Nxd5 cxd5 26. Rxd5 Rc2
27. Re1 Rxa2 28. Re7 Rf8 29. Ra7 Ra1+ 30. Kh2 Ra2 31. Rf5 Kg7 32. Rxb5 Rxf2 33.
Rxa6 Rd8 34. Rg5+ Kf8 35. Rh6 f6 36. Rg3 Rd7 37. Rf3 Rxf3 38. gxf3 Kg7 39. Rh5
Rd3 40. Rc5 Rxf3 41. Kg2 Rd3 42. b4 Rd2+ 43. Kf3 Rd3+ 44. Ke4 Rxh3 45. b5 Rh1
46. Kd5 h5 47. b6 Rb1 48. Kc6 Kg6 49. b7 h4 50. Rb5 {Source: David Mabbs} 1-0

[Event "Hastings Challengers 1973/74"]
[Site "Hastings"]
[Date "1974.01.05"]
[Round "10"]
[White "Littlewood, Paul E"]
[Black "Gait, Paul D"]
[Result "1/2-1/2"]
[WhiteElo "2176"]
[BlackElo "2232"]
[PlyCount "70"]
[EventDate "1973.12.27"]
[EventType "swiss"]
[EventRounds "10"]
[EventCountry "ENG"]
[SourceTitle "Littlewood, Paul"]
[Source "BritBase"]
[SourceDate "2021.09.21"]
[SourceVersion "1"]
[SourceVersionDate "2021.09.21"]
[SourceQuality "1"]

1. c4 c5 2. Nf3 Nc6 3. Nc3 g6 4. e3 Bg7 5. d4 cxd4 6. exd4 d6 7. Be2 Bd7 8. O-O
Rc8 9. Be3 Nf6 10. h3 O-O 11. Rc1 Na5 12. b3 b6 13. Re1 e6 14. d5 e5 15. Nd2
Qe7 16. b4 Nb7 17. Qb3 Kh8 18. Qa3 Ra8 19. Nb3 Rfc8 20. Red1 Nh5 21. Qa6 Rcb8
22. c5 bxc5 23. bxc5 Bc8 24. Qa3 dxc5 25. d6 Qe6 26. Bxh5 gxh5 27. Nb5 Bd7 28.
Nc7 Qg6 29. Kh1 Bc6 30. Rg1 Qxd6 31. Nxa8 Rxa8 32. Na5 Nxa5 33. Qxa5 Qe6 34.
Kh2 c4 35. Qc5 Bf8 {Source: Paul Littlewood} 1/2-1/2

[Event "Hastings Challengers 1973/74"]
[Site "Hastings"]
[Date "1974.01.05"]
[Round "10"]
[White "Patterson, Nicholas James"]
[Black "James, Geoffrey H"]
[Result "1/2-1/2"]
[WhiteElo "2340"]
[BlackElo "2200"]
[PlyCount "81"]
[EventDate "1973.12.27"]
[EventType "swiss"]
[EventRounds "10"]
[EventCountry "ENG"]
[SourceTitle "Denman Collection"]
[Source "Brian Denman"]
[SourceDate "2023.11.29"]
[SourceVersion "1"]
[SourceVersionDate "2023.11.29"]
[SourceQuality "1"]

1. Nf3 g6 2. e4 Bg7 3. d4 d6 4. Nc3 Nf6 5. Be2 O-O 6. O-O c6 7. a4 Bg4 8. Be3
d5 9. e5 Bxf3 10. Bxf3 Ne8 11. Be2 f5 12. exf6 exf6 13. Qd2 Nd7 14. a5 f5 15.
f3 Qf6 16. Na4 f4 17. Bf2 Nd6 18. Nc5 Nxc5 19. dxc5 Nf5 20. a6 Ne3 $5 21. axb7
Nxf1 22. bxa8=Q Nxd2 23. Qb7 Qxb2 24. Qxb2 Bxb2 25. Rxa7 Re8 26. Bd3 Bc3 27. h4
Rb8 28. h5 Rb1+ 29. Kh2 gxh5 30. Bxh7+ Kh8 31. Bd3 Nf1+ 32. Kh3 Ne3 33. Kh4
Nxg2+ 34. Kxh5 Rb8 35. Bf5 Rf8 36. Kh6 Rf6+ 37. Bg6 Kg8 38. Ra8+ Rf8 39. Be8
Rf6+ 40. Kh5 Kg7 41. Rc8 {Source: G H James (Brian Denman Collection)} 1/2-1/2

[Event "Hastings Challengers 1973/74"]
[Site "Hastings"]
[Date "1973.12.??"]
[Round "?"]
[White "Behling, Robert"]
[Black "Thrower, Sean"]
[Result "1-0"]
[WhiteElo "2370"]
[BlackElo "2160"]
[PlyCount "53"]
[EventDate "1973.12.27"]
[EventType "swiss"]
[EventRounds "10"]
[EventCountry "ENG"]
[SourceTitle "BritBase"]
[Source "John Saunders"]
[SourceDate "2024.07.04"]
[SourceVersion "1"]
[SourceVersionDate "2024.07.04"]
[SourceQuality "1"]

1. c4 Nf6 2. Nc3 g6 3. e4 d6 4. d4 Bg7 5. f3 O-O 6. Be3 e5 7. Nge2 c6 8. Qd2 a6
9. O-O-O b5 10. dxe5 Ne8 11. exd6 bxc4 12. f4 f6 13. Ng3 Be6 14. f5 Bf7 15. h4
Nd7 16. fxg6 hxg6 17. h5 gxh5 18. Nf5 Ne5 19. Be2 Nd3+ 20. Bxd3 cxd3 21. Qxd3
Qd7 22. g4 Be6 23. Ne7+ Kf7 24. e5 Bxg4 25. e6+ Kxe6 26. Qc4+ Ke5 27. Qe4# {
Source: BCM, February 1974, p52} 1-0

[Event "Hastings Challengers 1973/74"]
[Site "Hastings"]
[Date "1973.12.??"]
[Round "?"]
[White "Bellin, Robert"]
[Black "Horner, Jeff"]
[Result "1-0"]
[WhiteElo "2320"]
[BlackElo "2376"]
[PlyCount "75"]
[EventDate "1973.12.27"]
[EventType "swiss"]
[EventRounds "10"]
[EventCountry "ENG"]
[SourceTitle "BritBase"]
[Source "John Saunders"]
[SourceDate "2024.07.04"]
[SourceVersion "1"]
[SourceVersionDate "2024.07.04"]
[SourceQuality "1"]

1. e4 e5 2. Nf3 Nc6 3. Bb5 a6 4. Ba4 Nf6 5. O-O Be7 6. Re1 b5 7. Bb3 O-O 8. c3
d6 9. h3 Be6 10. d4 Bxb3 11. Qxb3 exd4 12. cxd4 d5 13. e5 Ne4 14. Nbd2 Na5 15.
Qc2 Nxd2 16. Bxd2 Nc4 17. Bc1 Rc8 18. b3 Na5 19. Qf5 Kh8 20. Ng5 Bxg5 21. Bxg5
Qe8 22. Rac1 Nc6 23. Bf6 Ne7 24. Bxe7 Qxe7 25. Rc6 a5 26. Rec1 a4 27. R1c5 axb3
28. axb3 Qh4 29. Qg4 Qe7 30. Rxb5 Qa3 31. Rxd5 Qxb3 32. Rd7 Qb7 33. d5 Qb2 34.
Qf5 Ra8 35. Rcxc7 Ra1+ 36. Kh2 Qd4 37. Rxf7 Rg8 38. Rxg7 {Source: Patzer, Vol.
1 No.1, Feb 1974} 1-0

[Event "Hastings Challengers 1973/74"]
[Site "Hastings"]
[Date "1973.12.??"]
[Round "?"]
[White "Diesen, Mark C"]
[Black "Nunn, John DM"]
[Result "1-0"]
[WhiteElo "2400"]
[BlackElo "2300"]
[PlyCount "79"]
[EventDate "1973.12.27"]
[EventType "swiss"]
[EventRounds "10"]
[EventCountry "ENG"]
[SourceTitle "BritBase"]
[Source "John Saunders"]
[SourceDate "2024.07.04"]
[SourceVersion "1"]
[SourceVersionDate "2024.07.04"]
[SourceQuality "1"]

1. e4 g6 2. d4 Bg7 3. Nf3 d6 4. Be2 Nd7 5. Nc3 c6 6. a4 Nh6 7. h4 c5 8. h5 cxd4
9. Nxd4 Nc5 10. Bb5+ Bd7 11. Be3 Qa5 12. Kf1 Rc8 13. Nb3 Nxb3 14. cxb3 Bc6 15.
Qd5 Qxb5+ 16. Qxb5 Bxb5+ 17. axb5 Ng4 18. Bxa7 Kd7 19. f3 Ne5 20. Ke2 f5 21.
Bd4 Rhg8 22. Ra7 Rb8 23. hxg6 Nxg6 24. Bxg7 Rxg7 25. exf5 Nf4+ 26. Ke3 Nxg2+
27. Ke4 e6 28. f6 d5+ 29. Kd4 Rf7 30. Ke5 h5 31. Na4 Ke8 32. Rxh5 Ne1 33. Rh8+
Rf8 34. Rxf8+ Kxf8 35. Kxe6 Nxf3 36. Nb6 Nd4+ 37. Kxd5 Rd8+ 38. Kc4 Nf5 39. Ra8
Ne3+ 40. Kc5 {Source: BCM, February 1974, p52} 1-0

[Event "Hastings Challengers 1973/74"]
[Site "Hastings"]
[Date "1973.12.??"]
[Round "?"]
[White "Phillips, Alan"]
[Black "Nunn, John DM"]
[Result "0-1"]
[WhiteElo "2280"]
[BlackElo "2300"]
[PlyCount "42"]
[EventDate "1973.12.27"]
[EventType "swiss"]
[EventRounds "10"]
[EventCountry "ENG"]
[SourceTitle "BritBase"]
[Source "John Saunders"]
[SourceDate "2024.07.04"]
[SourceVersion "1"]
[SourceVersionDate "2024.07.04"]
[SourceQuality "1"]

1. e4 g6 2. d4 Bg7 3. Nc3 d6 4. Be3 a6 5. Qd2 b5 6. Bd3 Nd7 7. f4 Bb7 8. Nf3 c5
9. d5 Ngf6 10. a3 O-O 11. Rd1 e6 12. dxe6 fxe6 13. Ng5 Qe7 14. O-O Ng4 15. e5
dxe5 16. Bxg6 hxg6 17. Qxd7 Qxd7 18. Rxd7 Nxe3 19. Rxb7 Nxf1 20. Nxe6 Rf7 21.
Rxf7 Kxf7 0-1

[Event "Hastings Challengers 1973/74"]
[Site "Hastings"]
[Date "1973.12.??"]
[Round "?"]
[White "Phillips, Alan"]
[Black "Horner, Jeff"]
[Result "0-1"]
[WhiteElo "2280"]
[BlackElo "2376"]
[PlyCount "48"]
[EventDate "1973.12.27"]
[EventType "swiss"]
[EventRounds "10"]
[EventCountry "ENG"]
[SourceTitle "BritBase"]
[Source "John Saunders"]
[SourceDate "2024.07.04"]
[SourceVersion "1"]
[SourceVersionDate "2024.07.04"]
[SourceQuality "1"]

1. e4 e5 2. Nf3 Nc6 3. Bc4 Bc5 4. c3 Qe7 5. d4 Bb6 6. O-O d6 7. a4 a6 8. h3 Nf6
9. Re1 h6 10. Na3 g5 11. Nc2 g4 12. hxg4 Bxg4 13. Ne3 O-O-O 14. d5 Nb8 15. a5
Ba7 16. Nxg4 Nxg4 17. Re2 Rhg8 18. Rc2 f5 19. exf5 e4 20. Qe1 Rde8 21. Nh2 Nxh2
22. Kxh2 Qh4+ 23. Kg1 e3 24. Bxe3 Qe4 0-1